00999cam a2200277 a 450000100090000000300040000900500170001300800410003001000170007102000160008804000180010405000240012208200140014610000160016024500570017626000510023330000130028450400540029763000480035165000500039985600760044990600450052594200120057099900170058295201220059915055209OSt20221024160359.0071023s2008 oru bf 000 0 eng  a 2007044121 a0736921817  aDLCcDLCdDLC00aBV4012.2b.H86 200800a253.52221 aHunt, June.10aCounseling through your Bible handbook /cJune Hunt. aEugene, Or. :bHarvest House Publishers,c2008 a443 p. ; aIncludes bibliographical references (p. 433-442).00aBiblexPsychologyvHandbooks, manuals, etc. 0aPastoral counselingvHandbooks, manuals, etc.413Table of contentsuhttp://www.loc.gov/catdir/toc/fy0804/2007044121.html a7bcbccorignewd1eecipf20gy-gencatlg 2lcccBK c19688d19687 00102lcc70aKABUbKABUd2022-10-24g4920.00l0oBV4012.2 .H86 2008 c.1p032706r2022-10-24 00:00:00w2022-10-24yBK